书目信息 |
| 书名: | Origin and evolution of earth | |
| 作者: | Kent C. Condie, Robert E. Sloan. | |
| 分册号: | ||
| 分册名: | 出版地: | Upper Saddle River, NJ : |
|
| 出版社: | Prentice Hall | |
| 出版时间: | c1998. | |
| 页数: | viii, 498 p. : | |
| 开本: | 29 cm. | |
| 丛书名: | ||
| 中图分类号: | ||
| 科图分类号: | ||
| 其他分类号: | P311 | |
| 主题词: | ||
| 电子资源: | ||
| 000 | 01018pam a2200277 a 450 | |
| 001 | E0756799937 | |
| 005 | 20070513155552.26 | |
| 008 | 971106s1998 njuab b 001 0 eng | |
| 010 | @a97043759 | |
| 020 | @a0134918207. | |
| 035 | @A(DLC) 97043759 | |
| 040 | @aDLC@cDLC@dDLC | |
| 050 | 00 | @aQE28.3@b.C65 1997 |
| 082 | 00 | @a560@2 21 |
| 090 | @aP311 | |
| 099 | @dP311@ex43 | |
| 100 | 1 | @aCondie, Kent C. |
| 245 | 10 | @aOrigin and evolution of earth :@bprinciples of historical geology / @cKent C. Condie, Robert E. Sloan. |
| 260 | @aUpper Saddle River, NJ :@bPrentice Hall,@cc1998. | |
| 300 | @aviii, 498 p. :@bill., maps ;@c29 cm. | |
| 504 | @aIncludes bibliographical references and index. | |
| 650 | 0 | @aHistorical geology. |
| 700 | 1 | @aSloan, Robert E.@q(Robert Evan),@d1929- |
| 906 | @a7@bcbc@corignew@d1@eocip@f19@gy-gencatlg | |
| 955 | @apc14 to ja00 11-07-97; jd25 11-07-97; jd99 11-07-97; jd85 11-07-97; cip ver. jb09 03-19-98 | |
| 991 | @bc-GenColl@hQE28.3@i.C65 1997@p00016379980@tCopy 1@wBOOKS | |
| Origin and evolution of earth : : principles of historical geology / / Kent C. Condie, Robert E. Sloan.-Upper Saddle River, NJ : : Prentice Hall, , c1998. |
| viii, 498 p. : : ill., maps ; ; 29 cm. |
| Includes bibliographical references and index. |
| ISBN 0134918207. |
| ● |
| 相关链接 |
|
|
|
|
正题名:Origin and evolution of earth
索取号:P311/x43
 
预约/预借
| 序号 | 登录号 | 条形码 | 馆藏地/架位号 | 状态 | 备注 |
| 1 | 0007644 | 300076441 | 第二样本阅览室/ [索取号:P311/x43] | 在馆 |